000
00185nam a2200073Ia 4500
008
180219s9999 xx 000 0 und d
100
_a
Kumari L Lakshmi
245
0
_a
Teachniques Of Teaching
260
_a
New Delhi Sonali
999
_c
41343
_d
41343